| 000 | 00932cas a22002777a 4500 | ||
|---|---|---|---|
| 005 | 20220329142323.0 | ||
| 008 | 000621d1987 uy zr pernn 0 b1spa d | ||
| 010 | _a81670 | ||
| 011 | _a82642 | ||
| 035 | _a93141 | ||
| 245 | 0 | 0 |
_aBoletín de Investigación _c/por Universidad de la República. Facultad de Aronomía |
| 260 | 0 |
_aMontivedeo, Uruguay : _bUniversidad de la República. Facultad de Agronomía, _c1987- |
|
| 300 | _av. | ||
| 310 | _aIrregular | ||
| 362 | 1 | _an.37, 1991 | |
| 500 | _aSe dejó de recibir a partir del n.38,1991 | ||
| 590 |
_aBATCH-UPD _b10 _c20130110 _lUCH01 _h2354 |
||
| 590 |
_aBATCH-UPD _b10 _c20130410 _lUCH01 _h1640 |
||
| 590 |
_aCONVERSION _b10 _c20130109 _lUCH01 _h1345 |
||
| 650 | 1 | 4 |
_aAgricultura _xUruguay _xPublicaciones periodicas. _91895 |
| 866 | _an.1-7 (1987) | ||
| 866 | _an.19-22 (1988-1989) | ||
| 866 | _an.29-38 (1991) | ||
| 901 | _aSE | ||
| 905 | _aLilia Sánchez G. | ||
| 999 |
_c81670 _d81670 |
||